000 00324nam a22001457a 4500
008 210310b ||||| |||| 00| 0 eng d
020 _a0256036225
041 _aeng
080 _a334.7
082 _a334.7
100 _a55
101 _aMF
245 _aFoundations of Financial Management
_cBlock,B.S
942 _2udc
_cBK
999 _c56262
_d56262